Engineering tribology / (Record no. 33027)

000 -LEADER
fixed length control field 01297cam a22003374a 4500
001 - CONTROL NUMBER
control field 13974618
003 - CONTROL NUMBER IDENTIFIER
control field OSt
005 - DATE AND TIME OF LATEST TRANSACTION
control field 20211230145049.0
008 - FIXED-LENGTH DATA ELEMENTS--GENERAL INFORMATION
fixed length control field 050519s2005 ne a b 001 0 eng
010 ## - LIBRARY OF CONGRESS CONTROL NUMBER
LC control number 2005014320
020 ## - INTERNATIONAL STANDARD BOOK NUMBER
International Standard Book Number 0750678364 (casebound : alk. paper)
038 ## - RECORD CONTENT LICENSOR
Staff Name khadija
040 ## - CATALOGING SOURCE
Original cataloging agency DLC
Transcribing agency DLC
Modifying agency DLC
-- DLC
042 ## - AUTHENTICATION CODE
Authentication code pcc
050 00 - LIBRARY OF CONGRESS CALL NUMBER
Classification number TJ1075
Item number .S78 2005
082 00 - DEWEY DECIMAL CLASSIFICATION NUMBER
Classification number 621.89
Edition number 22
Author Mark STA
100 1# - MAIN ENTRY--PERSONAL NAME
Personal name Stachowiak, G. W.
Fuller form of name (Gwidon W.)
9 (RLIN) 87156
245 10 - TITLE STATEMENT
Title Engineering tribology /
Statement of responsibility, etc. Gwidon W. Stachowiak, Andrew W. Batchelor.
250 ## - EDITION STATEMENT
Edition statement 3rd ed.
260 ## - PUBLICATION, DISTRIBUTION, ETC.
Place of publication, distribution, etc. Amsterdam ;
-- Boston :
Name of publisher, distributor, etc. Elsevier Butterworth-Heinemann,
Date of publication, distribution, etc. 2005.
300 ## - PHYSICAL DESCRIPTION
Extent xxiv, 801 p. :
Other physical details ill. ;
Dimensions 27 cm.
504 ## - BIBLIOGRAPHY, ETC. NOTE
Bibliography, etc. note Includes bibliographical references and index.
563 ## - BINDING INFORMATION
Binding note HB
650 #0 - SUBJECT ADDED ENTRY--TOPICAL TERM
Topical term or geographic name entry element Tribology.
9 (RLIN) 87157
700 1# - ADDED ENTRY--PERSONAL NAME
Personal name Batchelor, A. W.
Fuller form of name (Andrew W.)
9 (RLIN) 87158
856 41 - ELECTRONIC LOCATION AND ACCESS
Materials specified Table of contents only
Uniform Resource Identifier <a href="http://www.loc.gov/catdir/toc/ecip0513/2005014320.html">http://www.loc.gov/catdir/toc/ecip0513/2005014320.html</a>
856 42 - ELECTRONIC LOCATION AND ACCESS
Materials specified Publisher description
Uniform Resource Identifier <a href="http://www.loc.gov/catdir/enhancements/fy0622/2005014320-d.html">http://www.loc.gov/catdir/enhancements/fy0622/2005014320-d.html</a>
906 ## - LOCAL DATA ELEMENT F, LDF (RLIN)
a 7
b cbc
c orignew
d 1
e ecip
f 20
g y-gencatlg
942 ## - ADDED ENTRY ELEMENTS (KOHA)
Source of classification or shelving scheme
Koha item type Book
Holdings
Withdrawn status Lost status Source of classification or shelving scheme Damaged status Not for loan Permanent Location Current Location Shelving location Date acquired Full call number Barcode Date last seen Price effective from Koha item type Total Checkouts Date last checked out Total Renewals Checked out
          School of Mechanical & Manufacturing Engineering (SMME) School of Mechanical & Manufacturing Engineering (SMME) Text Books 12/17/2015 621.89 STA SMME-2083 04/03/2018 12/17/2015 Book        
          School of Mechanical & Manufacturing Engineering (SMME) School of Mechanical & Manufacturing Engineering (SMME) Text Books 12/17/2015 621.89 STA SMME-2084 04/28/2023 12/17/2015 Book 1 09/26/2022    
          School of Mechanical & Manufacturing Engineering (SMME) School of Mechanical & Manufacturing Engineering (SMME) Text Books 12/17/2015 621.89 STA SMME-2085 05/30/2024 12/17/2015 Book 2 05/30/2024 2 06/29/2024
          School of Mechanical & Manufacturing Engineering (SMME) School of Mechanical & Manufacturing Engineering (SMME) Text Books 12/17/2015 621.89 STA SMME-2086 02/15/2023 12/17/2015 Book 1 09/26/2022    
          School of Mechanical & Manufacturing Engineering (SMME) School of Mechanical & Manufacturing Engineering (SMME) Text Books 12/17/2015 621.89 STA SMME-2087 06/08/2023 12/17/2015 Book 1 09/26/2022 1  
© 2023 Central Library, National University of Sciences and Technology. All Rights Reserved.